000 01800nam a2200409 a 4500
001 00003810
003 DO-SdBNP
005 20170207120926.0
007 00003810
008 150130s2012 dr ac 000 0 spa d
020 _a9789945173970
040 _aBPMSU
_bspa
_cBPMSU
082 0 4 _a372.6561
_bL566e 6to. 2012
245 0 0 _aLengua española 6 :
_beducación básica /
_ccoordinación editorial Anna Rogero Soler ; edición Carlos J. García López ; ilustraciones Ricardo Rossi, Lara Dombret.
260 _aSanto Domingo :
_bSM,
_c2012.
300 _a199 p. :
_bil., retrs. ;
_c29 cm.
490 1 _aProyecto Sé
500 _aEstee libro ha sido realizado de acuerdo al currículo vigente y ha sido sometido a la aprobación del Ministerio de Educación
505 1 _tHablamos español --
_tMejoro día a día --
_tQuiero decir unas palabras --
_tMe gusta lo que hago --
_tMe informo --
_t¿Qué está sucediendo? --
_tRecordar es vivir --
_tPaís limpio: hogar sano --
_tAbracemos la naturaleza --
_tLa red nos acerca.
650 4 _aESPAÑOL
_xENSEÑANZA BÁSICA
650 4 _aESPAÑOL
_xEDUCACIÓN PRIMARIA
650 4 _aEDUCACIÓN PRIMARIA
_zREPÚBLICA DOMINICANA
650 4 _aESPAÑOL
_xLIBROS DE TEXTOS
650 4 _aESPAÑOL
_xESTUDIOS Y EJERCICIOS
700 1 _aRogero Soler, Anna,
_e ed.
700 1 _aGarcía López, Carlos J.,
_eed.
700 1 _aRossi, Ricardo,
_eil.
700 1 _aDombret, Lara,
_eil.
710 1 _aRepública Dominica.
_bMinisterio de Educación.
830 0 _pProyecto Sé
910 _aValidado. Control de calidad MFF
930 1 _lBND01
_mLF1
_820091125
_f01
_pOI
_g8374
930 1 _lBND01
_mLF1
_820091125
_f01
_pHD
_g8373
930 1 _lBND01
_mLF1
_820091125
_f01
_pOI
_g8373
942 _2ddc
_cBK
956 _aLOPEREZ
_b10
_c20161105
_lBPMSU
_h00041
999 _c9502
_d9502